=LDR 00000nam 2200000 4500 =001 INLIS000000000026371 =005 20130612124822 =008 ***********************************Ind** =035 ##$$0010-061300000026371 =041 ##$$a Ind =082 ##$$a 232 =090 ##$$a 232, Sya p =100 ##$$a Syalaby, Ahmad =245 ##$$a Pengantar memahami kristologi, Dr. Ahmad Syalaby =260 ##$$a 2004 $b Jakarta =300 ##$$a xxi, 309 hlm, 21 cm =650 ##$$a Agama kristen =850 ##$$a NBPNMAT